|
|
|
|
| LEADER |
00000cam a2200000 c 4500 |
| 001 |
160613906 |
| 003 |
DE-627 |
| 005 |
20230321144432.0 |
| 007 |
tu |
| 008 |
890123s1989 gw ||||| 00| ||ger c |
| 015 |
|
|
|a 89,N02,0165
|2 dnb
|
| 015 |
|
|
|a 89,A13,0441
|2 dnb
|
| 016 |
7 |
|
|a 881349410
|2 DE-101
|
| 020 |
|
|
|a 3548345522
|c : DM 9.80 (kart.)
|9 3-548-34552-2
|
| 035 |
|
|
|a (DE-627)160613906
|
| 035 |
|
|
|a (DE-576)017041651
|
| 035 |
|
|
|a (DE-599)GBV160613906
|
| 035 |
|
|
|a (OCoLC)75046951
|
| 035 |
|
|
|a (DE-Rt5)1240355
|
| 040 |
|
|
|a DE-627
|b ger
|c DE-627
|e rakwb
|
| 041 |
|
|
|a ger
|
| 044 |
|
|
|c XA-DE
|
| 084 |
|
|
|a 19
|a 64
|2 sdnb
|
| 084 |
|
|
|a PH 8300
|2 rvk
|0 (DE-625)rvk/136497:
|
| 100 |
1 |
|
|a Landmann, Valentin
|d 1950-
|0 (DE-588)108434125
|0 (DE-627)510149758
|0 (DE-576)16189884X
|4 aut
|
| 109 |
|
|
|a Landmann, Valentin 1950-
|a Landmann, Valentin N. J. 1950-
|a Landmann, Valentin N.J. 1950-
|a Landmann, Valentin Nikolai Josef 1950-
|
| 245 |
1 |
4 |
|a Das integrierte Verbrechen
|b Kriminalität u. Gesellschaft
|c Valentin Landmann
|
| 250 |
|
|
|a Erw. u. korr. Ausg.
|
| 264 |
|
1 |
|a Frankfurt/M.
|a Berlin
|b Ullstein
|c 1989
|
| 300 |
|
|
|a 303 S.
|c 19 cm
|
| 336 |
|
|
|a Text
|b txt
|2 rdacontent
|
| 337 |
|
|
|a ohne Hilfsmittel zu benutzen
|b n
|2 rdamedia
|
| 338 |
|
|
|a Band
|b nc
|2 rdacarrier
|
| 490 |
0 |
|
|a Ullstein-Bücher
|v 34552
|a Ullstein-Sachbuch
|
| 500 |
|
|
|a Lizenz d. Universitas-Verl., München. - Ausg. im Universitas-Verl. u.d.T.: Landmann, Valentin: Das Böse
|
| 689 |
0 |
0 |
|d s
|0 (DE-588)4062653-2
|0 (DE-627)106130862
|0 (DE-576)209145358
|a Verbrechen
|2 gnd
|
| 689 |
0 |
1 |
|a z
|2 gnd
|a Sozialgeschichte
|
| 689 |
0 |
|
|5 DE-101
|
| 689 |
1 |
0 |
|d s
|0 (DE-588)4033178-7
|0 (DE-627)10458503X
|0 (DE-576)209000511
|a Kriminalität
|2 gnd
|
| 689 |
1 |
1 |
|d s
|0 (DE-588)4020588-5
|0 (DE-627)106317520
|0 (DE-576)208933956
|a Gesellschaft
|2 gnd
|
| 689 |
1 |
|
|5 (DE-627)
|
| 935 |
|
|
|i Blocktest
|
| 936 |
r |
v |
|a PH 8300
|b Kriminalbiologie; Kriminalanthropologie; Kriminalethologie; Kriminalpsychologie; Kriminalsoziologie, Abweichendes Verhalten/Soziologie; Labeling approach; Radikale Kriminologie, Kritische Kriminologie
|k Rechtswissenschaft
|k Strafrecht, Strafverfahrensrecht, Kriminologie
|k Kriminologie
|k Kriminalitätstheorien
|k Kriminalbiologie; Kriminalanthropologie; Kriminalethologie; Kriminalpsychologie; Kriminalsoziologie, Abweichendes Verhalten/Soziologie; Labeling approach; Radikale Kriminologie, Kritische Kriminologie
|0 (DE-627)1271739763
|0 (DE-625)rvk/136497:
|0 (DE-576)201739763
|
| 951 |
|
|
|a BO
|
| ELC |
|
|
|b 1
|
| LOK |
|
|
|0 000 xxxxxcx a22 zn 4500
|
| LOK |
|
|
|0 001 3314044178
|
| LOK |
|
|
|0 003 DE-627
|
| LOK |
|
|
|0 004 160613906
|
| LOK |
|
|
|0 005 20170223122251
|
| LOK |
|
|
|0 008 920826||||||||||||||||ger|||||||
|
| LOK |
|
|
|0 040
|a DE-21-110
|c DE-627
|d DE-21-110
|
| LOK |
|
|
|0 689
|a s
|a Kriminalität
|
| LOK |
|
|
|0 689
|a s
|a Gesellschaftliche Integration
|
| LOK |
|
|
|0 689
|a s
|a Verbrechen
|
| LOK |
|
|
|0 689
|a s
|a Subkultur
|
| LOK |
|
|
|0 852
|a DE-21-110
|
| LOK |
|
|
|0 852 1
|c A II 391
|m p
|9 00
|
| LOK |
|
|
|0 935
|a k110
|
| LOK |
|
|
|0 936ln
|a 1.6
|
| LOK |
|
|
|0 938
|k p
|
| LOK |
|
|
|0 939
|a 26-08-92
|b l01
|
| ORI |
|
|
|a SA-MARC-krimdoka001.raw
|
| SIG |
|
|
|a IFK: A II 391
|